Представление документа в формате RUSMARC

ПолеНазваниеЗначение
  Тип записи a
  Библиографический уровень a
001 Контрольный номер RU/УОНБ/EK_Kray/385660326
005 Дата корректировки 20240131004927.6
100 Данные общей обработки __
a Данные общей обработки 20120321d2012 ||| 0rusy0189 ca
101 Язык документа 0_
a Язык текста rus
102 Страна публикации __
a Страна публикации RU
105 Кодированные данные (монография) __
a Кодированные данные (монография) y###||||000|y
200 Заглавие и сведения об ответственности 1_
a Заглавие Открытие выставки "Златой век Екатерины II в искусстве сценического костюма"
330 Аннотация __
a Аннотация Выставка в Ульяновске из фондов Государственного центрального театрального музея имени А.А. Бахрушина.
461 Уровень набора _0
1 2000
a Новая библиотека
1 011
463 Уровень физической единицы _0
1 001RU/УОНБ/EK_Kray/385659634
1 2000
a № 24
v С. 7
1 210
d 2011
610 Ключевые слова 0_
a Ключевые слова выставка костюмов
610 Ключевые слова 0_
a Ключевые слова театральные костюмы
686 Индексы других классификаций __
a Классификационный индекс 79.140.677.0
2 Код системы rubbk
801 Источник записи _0
a Страна RU
b Организация Ульяновская ОНБ
c Дата составления 20120321
g Правила каталогизации RCR
801 Источник записи _1
a Страна RU
b Организация Ульяновская ОНБ
c Дата составления 20120321
g Правила каталогизации RCR
901 Тип документа __
t Тип документа b
w Контрольный № источника RU/УОНБ/EK_Kray/385659634
909 Создатель записи __
a Создатель записи Деричева
938 Служебная информация __
a Имя БД kraeved_work
b Имя библиотеки УОНБ
c Имя АИБС МАРК-SQL
d Номер DOC_ID в БД 85064